Statistics for Name the Penguin Species

Click here to take the quiz!

General Stats

  • This quiz has been taken 9 times
  • The average score is 8 of 19

Answer Stats

Answer% Correct
Emperor penguin
100%
King penguin
78%
Chinstrap penguin
67%
Gentoo penguin
67%
Little penguin
67%
Macaroni penguin
67%
Adélie penguin
44%
African penguin
44%
Galapagos penguin
44%
Humboldt penguin
44%
Northern rockhopper penguin
33%
Southern rockhopper penguin
33%
Yellow-eyed penguin
33%
Erect-crested penguin
22%
Magellanic penguin
22%
Snares penguin
22%
Australian little penguin
11%
Fiordland penguin
11%
Royal penguin
11%

Score Distribution

Percentile by Number Answered

Percent of People with Each Score

Your Score History

You have not taken this quiz